<?xml version="1.0" encoding="UTF-8"?>
<marc:record xmlns:marc="http://www.loc.gov/MARC21/slim">
   <marc:leader>00000nam a2200000 a 4500</marc:leader>
   <marc:datafield ind1="1" ind2=" " tag="100">
      <marc:subfield code="a">Traber, Habakuk</marc:subfield>
      <marc:subfield code="4">aut</marc:subfield>
      <marc:subfield code="e">Verfasser/-in</marc:subfield>
   </marc:datafield>
   <marc:datafield ind1=" " ind2=" " tag="653">
      <marc:subfield code="a">Mamlok</marc:subfield>
   </marc:datafield>
   <marc:datafield ind1=" " ind2=" " tag="653">
      <marc:subfield code="a">Ursula</marc:subfield>
   </marc:datafield>
   <marc:datafield ind1=" " ind2=" " tag="653">
      <marc:subfield code="a">Softcover / Musik/Monografien</marc:subfield>
   </marc:datafield>
   <marc:datafield ind1=" " ind2=" " tag="653">
      <marc:subfield code="a">Biografie</marc:subfield>
   </marc:datafield>
   <marc:datafield ind1=" " ind2=" " tag="653">
      <marc:subfield code="a">Biographie</marc:subfield>
   </marc:datafield>
   <marc:datafield ind1="0" ind2="0" tag="245">
      <marc:subfield code="a">Time in Flux</marc:subfield>
   </marc:datafield>
   <marc:datafield ind1="0" ind2="0" tag="245">
      <marc:subfield code="b">die Komponistin Ursula Mamlok</marc:subfield>
   </marc:datafield>
   <marc:datafield ind1="0" ind2="0" tag="245">
      <marc:subfield code="c">Habakuk Traber</marc:subfield>
   </marc:datafield>
   <marc:datafield ind1=" " ind2="1" tag="264">
      <marc:subfield code="a">Wien</marc:subfield>
      <marc:subfield code="b">Böhlau</marc:subfield>
      <marc:subfield code="c">2012</marc:subfield>
   </marc:datafield>
   <marc:datafield ind1="1" ind2=" " tag="520">
      <marc:subfield code="a">Angaben aus der Verlagsmeldung

Time in Flux : Die Komponistin Ursula Mamlok. / von Habakuk Traber

Schon als Kind entschied Ursula Mamlok (geb. 1928), sie wolle Komponistin werden. Und sie wurde es – trotz aller Schwierigkeiten, die zu überwinden waren. Wegen ihrer jüdischen Herkunft musste sie als 16-Jährige mit ihren Eltern aus Berlin emigrieren. Die Familie fand Zuflucht in Ecuador. Ihre kompositorischen Leistungen verschafften Ursula Mamlok ein Stipendium an der New Yorker Mannes School. Damit begann ein langer Weg zur eigenen Ausdrucksform und zum eigenen Stil. Dieser zeichnet sich durch Knappheit in der Form, Transparenz des musikalischen Satzes und Farbigkeit aus. Am Anfang jedes Werkes steht für Ursula Mamlok eine Klangvorstellung, die sie häufig mit Hilfe einer besonderen Art der Reihentechnik ausarbeitet. Ihre Werke
fanden seit den 1960er Jahren in der amerikanischen Szene Neuer Musik und zunehmend auch in Europa Resonanz.
Die Biographie zeichnet den Lebensweg und mit detaillierten Werkdarstellungen auch die künstlerische Entwicklung der Komponistin nach, die seit dem Tod ihres Mannes 2005 wieder in Berlin lebt.
</marc:subfield>
   </marc:datafield>
   <marc:datafield ind1=" " ind2=" " tag="020">
      <marc:subfield code="a">9783412204402</marc:subfield>
      <marc:subfield code="9">9783412204402</marc:subfield>
   </marc:datafield>
   <marc:datafield ind1=" " ind2=" " tag="041">
      <marc:subfield code="a">ger</marc:subfield>
   </marc:datafield>
   <marc:datafield ind1=" " ind2=" " tag="300">
      <marc:subfield code="a">282 S.</marc:subfield>
   </marc:datafield>
</marc:record>
